000 00719nam a2200253Ia 4500
003 OSt
005 20221005033032.0
006 a|||||r|||| 00| 0
007 ta
008 221004b |||||||| |||| 00| 0 urd d
020 _c200
024 _a20328
037 _b4429, 28/03/2015, Kitabi Duniya
_cTextual
040 _aCRL
_cCRL
_burd
041 _2urd
_aurd
082 _aO168,1:g, Q1
100 _aDeobandi Majid
_9585766
245 0 _aSahaakh-e-dil
_b A collection of poetry
260 _aDelhi
_bAnjum India
_c2011
300 _a176p.
_ccm.
650 _aURDU POETRY
942 _hO168,1:g, Q1
_cTEXL
_2cc
999 _c940824
_d940824